Guía legislativa de las convenciones, los convenios y los protocolos universales contra el terrorismo /

Zapisane w:
Opis bibliograficzny
Format: Książka
Język:hiszpański
Hasła przedmiotowe:
Etykiety: Dodaj etykietę
Nie ma etykietki, Dołącz pierwszą etykiete!

MARC

LEADER 00000nam^a2200000^a^4500
001 000173912
005 20250521000000.0
009 20260310101512.022
020 |a 92-1-333345-6 
037 |a Acervo ITESO - Biblioteca 
041 |a ESP 
082 |a 341. 773  |b GUI 
245 1 0 |a Guía legislativa de las convenciones, los convenios y los protocolos universales contra el terrorismo / 
264 |a Viena, Austria :  |b ONU, Oficina contra la Droga y el Delito,  |c 2004 
300 |a 45 p. 
336 |a texto  |b txt  |2 rdacontenido 
337 |a sin mediación  |b n  |2 rdamedio 
338 |a volumen  |b nc  |2 rdasoporte 
649 |a XX 
650 |a Terrorismo -  |x Aspectos Jurídicos 
650 |a Crímenes contra la Humanidad 
650 |a Delitos Internacionales 
650 |a Seguridad Pública 
650 |a Seguridad Internacional 
650 |a Instrumentos Legales 
650 |a Tratados Internacionales 
650 |a Tratados Internacionales 
650 |a Política Internacional 
650 |a Derecho Internacional Público 
910 |a Fondo General 
920 |a Impresos - Libros 
930 |a Colección General 
905 |a 101 
901 |a 0500111292  |b IT1  |c ACC  |u 20250521 
902 |a https://opac.biblio.iteso.mx/vufind/Record/000173912